Normal view
MARC view
- Zaki, Muhammad Akram,
Entry Personal Name
001 - CONTROL NUMBER
- control field: 10157
003 - CONTROL NUMBER IDENTIFIER
- control field: NUST
005 - DATE AND TIME OF LATEST TRANSACTION
- control field: 20180312101047.0
008 - FIXED-LENGTH DATA ELEMENTS
- fixed length control field: 180312|| aca||aabn | a|a d
040 ## - CATALOGING SOURCE
- Original cataloging agency: NUST
- Transcribing agency: NUST
100 ## - HEADING--PERSONAL NAME
- Personal name: Zaki, Muhammad Akram,
- Dates associated with a name: 1931-
- Relator term: author.
670 ## - SOURCE DATA FOUND
- Source citation: Work cat.: (NUST)0: 880-01 Zaki, Muhammad Akram, 1931- author., Badaltī dunyā main̲ ubhartā Cīn aur Pāk Cīn taʻalluqāt /
